000
00317 a2200133 4500
005
20250629140024.0
020
_a
9780655161264
082
_a
658.83 RAM
100
_a
RAMACHANDRAN, R.
245
_a
Consumer Behaviour
260
_a
India,
_b
Reserved
_c
2009
300
_a
xi, 312p.;ill.; picture
_c
23cm
942
_2
ddc
_c
BKS
999
_c
6380
_d
6380